000
00343nam a2200133 a 4500
005
20140412111301.0
008
110408s19uu xx 00 eng d
020
_a
002-774770-0
050
_a
ER
_b
Wh55 1988
100
_a
Polushkin, Maria
245
_a
Who said meow? /
_c
Maria Polushkin.
260
_a
NY :
_b
Bradbury,
_c
1988.
999
_c
103409
_d
103409